The macroeconomics of global imbalances : European and Asian perspectives /

Bibliographic Details
Other Authors: Uzan, Marc
Format: Book
Language:English
Published: London ; New York : Routledge, 2009.
Series:Routledge studies in the modern world economy ; 75.
Subjects:

MARC

Tag First Indicator Second Indicator Subfields
LEADER 00000cam a2200000 a 4500
001 in00002488921
005 20151110072841.0
008 071120s2009 enka b 001 0 eng
020 |a 9780415774697 (hbk.) 
020 |a 0415774691 (hbk.) 
020 |a 9780203889022 (e-book) 
020 |a 0203889029 (e-book) 
035 |a (OCoLC)ocn276644528 
040 |a UKM  |c UKM  |d BWX  |d CDX  |d TXA  |d UtOrBLW 
049 |a TXAM 
082 0 |a 339  |2 22 
090 |a HB172.5  |b .M3336 2009 
245 0 4 |a The macroeconomics of global imbalances :  |b European and Asian perspectives /  |c edited by Marc Uzan. 
264 1 |a London ;  |a New York :  |b Routledge,  |c 2009. 
300 |a xii, 134 pages :  |b illustrations ;  |c 23 cm. 
336 |a text  |b txt  |2 rdacontent 
337 |a unmediated  |b n  |2 rdamedia 
338 |a volume  |b nc  |2 rdacarrier 
490 1 |a Routledge studies in the modern world economy ;  |v 75 
504 |a Includes bibliographical references and index. 
650 0 |a Macroeconomics. 
650 0 |a International economic relations. 
650 0 |a Regional economic disparities. 
700 1 |a Uzan, Marc. 
830 0 |a Routledge studies in the modern world economy ;  |v 75. 
948 |a cataloged  |b h  |c 2009/3/2  |d c  |e dmitchel  |f 10:20:30 am 
994 |a C0  |b TXA 
999 |a MARS 
999 f f |s 429d190e-3335-3a17-abca-b9161a1a6625  |i ed8314c4-890e-3e2d-9e71-6bd7f2afef86  |t 0 
952 f f |p normal  |a Texas A&M University  |b College Station  |c Sterling C. Evans Library  |d Evans: Library Stacks  |t 0  |e HB172.5 .M3336 2009  |h Library of Congress classification  |i unmediated -- volume  |m A14837460335 
998 f f |a HB172.5 .M3336 2009  |t 0  |l Evans: Library Stacks